A directory of electronic mail addressing & networks / (Record no. 100382)
[ view plain ]
| 000 -LEADER | |
|---|---|
| fixed length control field | 01020cam a2200301 a 4500 |
| 008 - FIXED-LENGTH DATA ELEMENTS--GENERAL INFORMATION | |
| fixed length control field | |
| 020 ## - INTERNATIONAL STANDARD BOOK NUMBER | |
| International Standard Book Number | 1565920465 |
| 049 ## - LOCAL HOLDINGS (OCLC) | |
| Holding library | MAIN |
| 090 ## - LOCALLY ASSIGNED LC-TYPE CALL NUMBER (OCLC); LOCAL CALL NUMBER (RLIN) | |
| Classification number (OCLC) (R) ; Classification number, CALL (RLIN) (NR) | REF TK5105.73 |
| Local cutter number (OCLC) ; Book number/undivided call number, CALL (RLIN) | FRE |
| 003 - CONTROL NUMBER IDENTIFIER | |
| control field | |
| 005 - DATE AND TIME OF LATEST TRANSACTION | |
| control field | 20230120191409.0 |
| 040 ## - CATALOGING SOURCE | |
| Transcribing agency | NUST |
| 100 1# - MAIN ENTRY--PERSONAL NAME | |
| Personal name | Frey, Donnalyn. |
| 245 10 - TITLE STATEMENT | |
| Title | A directory of electronic mail addressing & networks / |
| Statement of responsibility, etc. | Donnalyn Frey and Rick Adams. |
| 246 30 - VARYING FORM OF TITLE | |
| Title proper/short title | Directory of electronic mail addressing & networks |
| 250 ## - EDITION STATEMENT | |
| Edition statement | 4th ed. |
| 260 ## - PUBLICATION, DISTRIBUTION, ETC. | |
| Place of publication, distribution, etc. | Sebastopol, CA : |
| Name of publisher, distributor, etc. | O'Reilly & Associates, |
| Date of publication, distribution, etc. | c1994. |
| 300 ## - PHYSICAL DESCRIPTION | |
| Extent | xix, 640 p. ; |
| Dimensions | 24 cm. |
| 440 #2 - SERIES STATEMENT/ADDED ENTRY--TITLE | |
| Title | A Nutshell handbook |
| 500 ## - GENERAL NOTE | |
| General note | On cover: UNIX communications. |
| 500 ## - GENERAL NOTE | |
| General note | Includes index. |
| 650 #0 - SUBJECT ADDED ENTRY--TOPICAL TERM | |
| Topical term or geographic name entry element | Electronic mail systems |
| Form subdivision | Directories. |
| 650 #0 - SUBJECT ADDED ENTRY--TOPICAL TERM | |
| Topical term or geographic name entry element | Computer networks |
| Form subdivision | Directories. |
| 700 1# - ADDED ENTRY--PERSONAL NAME | |
| Personal name | Adams, Rick |
| Fuller form of name | (Richard L.) |
| 700 1# - ADDED ENTRY--PERSONAL NAME | |
| Personal name | Frey, Donnalyn. |
| Title of a work | Directory of electronic mail addressing & networks. |
| 907 ## - LOCAL DATA ELEMENT G, LDG (RLIN) | |
| a | .b10072597 |
| b | 13-01-10 |
| c | 17-04-03 |
| 942 ## - ADDED ENTRY ELEMENTS (KOHA) | |
| Koha item type | Ordinary Loan Books |
| Call number prefix | REF TK5105.73 |
| Call number suffix | FRE |
| Date last seen | Total Checkouts | Full call number | Barcode | Cost, replacement price | Price effective from | Koha item type | Lost status | Source of classification or shelving scheme | Damaged status | Not for loan | Collection | Withdrawn status | Home library | Current library | Shelving location | Date acquired | Cost, normal purchase price |
|---|---|---|---|---|---|---|---|---|---|---|---|---|---|---|---|---|---|
| 01/20/2023 | REF TK5105.73 FRE | 92003021018 | 80.00 | 01/20/2023 | REF | LCC | NFIC | MAIN | MAIN | GEN | 01/20/2023 | 80.00 |